000 00443nam a2200193Ia 4500
008 210210b1959 xxu||||| |||| 00| 0 eng d
041 _aeng
082 _a531/74
100 _aGRISHIN (N)
245 _aScience for progress
260 _aMoscow
_bForeign Languages Publishing House
_c1959
300 _a96
650 _aScience
650 _aprogress
650 _afor
690 _aPhysics
700 _aOLGIN (A)
906 _a008275
999 _c126182
_d126182